000 00290nam a2200109 4500
999 _c14054
_d14054
008 190730b ||||| |||| 00| 0 eng d
245 _aDabawenya bags owwa nat'l award.
260 _aDavao City:
_bSun Star Davao;
_cc2019.
300 _apage 6.
650 0 _939054
_aAwards.
942 _2ddc
_cPER